Rastie záujem o trvanlivé mlieko

Perspektívy mlieka vo vybraných európskych krajinách. Mlieko a mliečne výrobky zlepšujú obchodnú bilanciu krajiny. Nárast výroby mlieka v krajinách EÚ. Mliečne kvóty za roky 2004-2005. Perspektívy na slovenskom, českom a poľskom trhu. Na európskom trhu môžeme pozorovať zvýšený záujem o trvanlivé mli...

Ausführliche Beschreibung

Gespeichert in:
Bibliographische Detailangaben
1. Verfasser: Ubrežiová, Iveta
Format: Buchkapitel
Sprache:Slowakisch
Schlagworte:
Tags: Tag hinzufügen
Keine Tags, Fügen Sie das erste Tag hinzu!

MARC

LEADER 00000naa$a2200000$$$4500
001 0032168
005 20231108140655.0
041 0 |a slo 
044 |a SK 
245 1 0 |a Rastie záujem o trvanlivé mlieko  |c Iveta Ubrežiová 
520 |a Perspektívy mlieka vo vybraných európskych krajinách. Mlieko a mliečne výrobky zlepšujú obchodnú bilanciu krajiny. Nárast výroby mlieka v krajinách EÚ. Mliečne kvóty za roky 2004-2005. Perspektívy na slovenskom, českom a poľskom trhu. Na európskom trhu môžeme pozorovať zvýšený záujem o trvanlivé mlieko. 
610 2 0 |a mlieko 
610 2 0 |a predaj 
610 2 0 |a výroba 
610 2 0 |a kvóty 
610 2 0 |a Slovensko 
610 2 0 |a Európska únia 
100 1 |a Ubrežiová, Iveta